Представление документа в формате RUSMARC

ПолеНазваниеЗначение
  Тип записи a
  Библиографический уровень m
001 Контрольный номер RU/IS/BASE/309604770
005 Дата корректировки 20210730164636.4
010 Индекс ISBN __
a ISBN 978-5-9787-0261-3
d Цена 220-66
101 Язык документа 0_
a Язык текста rus
c Язык оригинала rus
200 Заглавие и сведения об ответственности 1_
a Заглавие Притчи для детей и взрослых
f Первые сведения об ответственности А. Лопатина, М. Скребцова
b Общее обозначение материала Текст
h Номер части Кн. 1
210 Выходные данные 1_
a Место издания М.
c Издательство Амрита-Русь
d Дата издания 2008
215 Физическое описание __
a Объем 208 с.
330 Аннотация __
a Аннотация Эта книга поможет детям задуматься над своим поведением и, может быть, заставит их осознать собственные ошибки и посмеяться над ними.
606 Тематические рубрики __
a Основная рубрика Литературоведение
606 Тематические рубрики __
a Основная рубрика Мировая литература
610 Ключевые слова 0_
a Ключевые слова детская литература; притчи; тема добра; тема матерей; тема радости; тема ума; тема знаний; тема любви; тема труда; тема честности; тема дружбы
686 Индексы других классификаций __
a Классификационный индекс ст83.3(0)
700 Автор _1
a Фамилия Лопатина
b Имя А. А.
4 Код отношения 070
702 Вторичная интеллектуальная ответственность _1
a Фамилия Скребцова
b Имя М.
4 Код отношения Автор
801 Источник записи _0
a Страна RU
b Организация Муниципальное бюджетное учреждение культуры "Централизованная библиотечная система" г. Сургут (Центральная городская библиотека им. А. С. Пушкина)
g Правила каталогизации КиК/Елгина
801 Источник записи _1
a Страна RU
b Организация Муниципальное бюджетное учреждение культуры "Централизованная библиотечная система" г. Сургут (Центральная городская библиотека им. А. С. Пушкина)
g Правила каталогизации КиК/Елгина
852 Данные о местонахождении __
j Шифр хранения ст83.3(0)
c Каталожный индекс ст83.3(0)
i Авторский знак Л 77
901 Тип документа __
t Тип документа m
903 Характеристики (МАРС) __
a Дата передачи 20091116
990 Данные о заказе (DOS) __
j Количество экземпляров (DOS) 5
t N записи в КСУ для И/У (DOS) 200911